000 00746nam a2200229 a 4500
005 20260205064035.0
008 991125c1977 new 000 0 eng u
020 _a0471706906
035 _aUPN01000054788
049 _aCG
050 4 _aQA76.5
_bS8.4
245 0 0 _aStatistical methods for digital computers /
_ced. by Kurt Enslein, Anthony Ralston, Herbert S. Wilf.
260 _aNew York :
_bJ. Wiley,
_c1977.
300 _a454 p. :
_bil.
440 0 _aMathematical methods for digital computer ;
_v3
650 4 _aCOMPUTADORAS ELECTRONICAS DIGITALES
_97644
650 4 _aDiseƱo experimental
_914286
700 1 _aEnslein, Kurt,
_eed.
700 1 _aRalston, Anthony,
_eed.
700 1 _aWilf, Herbert S.,
_d1931-,
_ecoaut.
905 _aLibro
999 _c54788
_d54788